000 00484nam a2200181Ia 4500
005 20250508151105.0
008 008 250505s9999 xx 000 0 eng d
037 _aTextual
040 _aFEDL
_beng
_cFEDL
041 _aeng
_2eng
084 _a300.7, EAK
_qFEDL
100 _aEakins C.
_9758394
245 0 _aLiving and working together
300 _a56p.
650 _aSocial Science - Teaching
_9756799
942 _cTEXL
_h300.7, EAK
999 _c1327528
_d1327528